Histoire de l'évolution du sens des couleurs / (Record no. 158504)

MARC details
000 -LEADER
campo de control de longitud fija 00757nam a22002055i 4500
001 - NÚMERO DE CONTROL
campo de control 158504
003 - IDENTIFICADOR DE NÚMERO DE CONTROL
campo de control ES-MaACL
005 - FECHA Y HORA DE LA ÚLTIMA TRANSACCIÓN
campo de control 20250717070951.0
008 - DATOS DE LONGITUD FIJA--INFORMACIÓN GENERAL
campo de control de longitud fija 040831s1878 fr |||| | fre d
040 ## - FUENTE DE CATALOGACIÓN
Centro catalogador/agencia de origen CAM
Lengua de catalogación spa
Centro/agencia transcriptor CAM
100 1# - ENTRADA PRINCIPAL--NOMBRE DE PERSONA
Nombre de persona Magnus, Hugo.
9 (RLIN) 129348
245 10 - MENCIÓN DEL TÍTULO
Título Histoire de l'évolution du sens des couleurs /
Mención de responsabilidad, etc. par Hugo Magnus ; avec une introduction par Jules Soury.
260 ## - PUBLICACIÓN, DISTRIBUCIÓN, ETC.
Lugar de publicación, distribución, etc. Paris :
Nombre del editor, distribuidor, etc. C. Reinwald et C., libraires-éditeurs,
Fecha de publicación, distribución, etc. 1878 (
Fabricante Typographie Paul Schmidt)
300 ## - DESCRIPCIÓN FÍSICA
Extensión LV, 130 p. ;
Dimensiones 19 cm.
650 #4 - PUNTO DE ACCESO ADICIONAL DE MATERIA--TÉRMINO DE MATERIA
Término de materia o nombre geográfico como elemento de entrada Color.
9 (RLIN) 11153
650 07 - PUNTO DE ACCESO ADICIONAL DE MATERIA--TÉRMINO DE MATERIA
Término de materia o nombre geográfico como elemento de entrada Luz
Fuente del encabezamiento o término embne
9 (RLIN) 14716
700 1# - ENTRADA AGREGADA--NOMBRE PERSONAL
Nombre de persona Soury, Jules.
9 (RLIN) 132857
852 ## - LOCALIZACIÓN
Ubicación ES-MaACL
Número de control de estantería T-288-F-5
Nota libre -- Enc. hol.
condición física -- Falto de la cub. original
Nota libre -- Enc. en un vol. facticio
Holdings
Estatus retirado Estado de pérdida Estado de daño No para préstamo Colección Biblioteca de origen Biblioteca actual Ubicación en estantería Fecha de adquisición Total de préstamos Signatura topográfica completa Código de barras Visto por última vez Precio de reemplazo Tipo de ítem Koha
        Colección de folletos Biblioteca del Ateneo de Madrid Biblioteca del Ateneo de Madrid Depósito folletos 17/01/2008   T-288-F-5 1165902 23/02/2023 23/02/2023 Folleto